Sports Quiz

Random Sports or Golf Quiz

British Open Winners Quiz Stats

 Plays Quiz Updated Jul 21, 2019

Score 0/148 Timer 12:00
0 Plays Today
Year Winner % Correct
2000Tiger Woods
97.3%
2005Tiger Woods
97.3%
2006Tiger Woods
97.3%
1966Jack Nicklaus
90.2%
1970Jack Nicklaus
90.2%
1978Jack Nicklaus
90.2%
1961Arnold Palmer
85.3%
1962Arnold Palmer
85.3%
2017Jordan Spieth
83.3%
2013Phil Mickelson
82.6%
1975Tom Watson
81%
1977Tom Watson
81%
1980Tom Watson
81%
1982Tom Watson
81%
1983Tom Watson
81%
2014Rory McIlroy
80.9%
2012Ernie Els
80.5%
2019Shane Lowry
78.5%
2015Zach Johnson
77.8%
1987Nick Faldo
77%
1990Nick Faldo
77%
1992Nick Faldo
77%
2002Ernie Els
76.8%
2018Francesco Molinari
75.4%
2007Pádraig Harrington
75%
2008Pádraig Harrington
75%
1959Gary Player
73.7%
1968Gary Player
73.7%
1974Gary Player
73.7%
1986Greg Norman
72.5%
1993Greg Norman
72.5%
2016Henrik Stenson
70.1%
1926Bobby Jones
70%
1927Bobby Jones
70%
1930Bobby Jones
70%
1979Seve Ballesteros
68.1%
1984Seve Ballesteros
68.1%
1988Seve Ballesteros
68.1%
1953Ben Hogan
68%
1995John Daly
64.4%
1947Fred Daly
62.9%
1971Lee Trevino
62.3%
1972Lee Trevino
62.3%
1946Sam Snead
61.2%
1890John Ball
60.3%
1861Tom Morris, Sr
58.3%
1862Tom Morris, Sr
58.3%
1864Tom Morris, Sr
58.3%
1867Tom Morris, Sr
58.3%
1868Tom Morris, Jr
58.1%
Year Winner % Correct
1869Tom Morris, Jr
58.1%
1870Tom Morris, Jr
58.1%
1872Tom Morris, Jr
58.1%
2001David Duval
57.2%
2003Ben Curtis
54.8%
1998Mark O'Meara
54.3%
1999Paul Lawrie
52.3%
1922Walter Hagen
51.8%
1924Walter Hagen
51.8%
1928Walter Hagen
51.8%
1929Walter Hagen
51.8%
1994Nick Price
51.5%
2009Stewart Cink
51.1%
1997Justin Leonard
50.1%
2004Todd Hamilton
50%
1985Sandy Lyle
49.9%
1976Johnny Miller
45.7%
1932Gene Sarazen
44.9%
1896Harry Vardon
44.8%
1898Harry Vardon
44.8%
1899Harry Vardon
44.8%
1903Harry Vardon
44.8%
1911Harry Vardon
44.8%
1914Harry Vardon
44.8%
1996Tom Lehman
43.6%
1969Tony Jacklin
43.2%
1991Ian Baker-Finch
42.7%
1989Mark Calcavecchia
41%
1954Peter Thomson
40.9%
1955Peter Thomson
40.9%
1956Peter Thomson
40.9%
1958Peter Thomson
40.9%
1965Peter Thomson
40.9%
2011Darren Clarke
37.7%
2010Louis Oosthuizen
36.2%
1973Tom Weiskopf
33.9%
1860Willie Park, Sr
33%
1863Willie Park, Sr
33%
1866Willie Park, Sr
33%
1875Willie Park, Sr
33%
1887Willie Park, Jr
32.6%
1889Willie Park, Jr
32.6%
1877Jamie Anderson
31.9%
1878Jamie Anderson
31.9%
1879Jamie Anderson
31.9%
1874Mungo Park
31.8%
1981Bill Rogers
30.3%
1894John Henry Taylor
30%
1895John Henry Taylor
30%
1900John Henry Taylor
30%
Year Winner % Correct
1909John Henry Taylor
30%
1913John Henry Taylor
30%
1949Bobby Locke
29.9%
1950Bobby Locke
29.9%
1952Bobby Locke
29.9%
1957Bobby Locke
29.9%
1963Bob Charles
28.8%
1901James Braid
28.4%
1905James Braid
28.4%
1906James Braid
28.4%
1908James Braid
28.4%
1910James Braid
28.4%
1931Tommy Armour
27.2%
1934Henry Cotton
26.4%
1937Henry Cotton
26.4%
1948Henry Cotton
26.4%
1886David Brown
25.6%
1912Ted Ray
24.7%
1964Tony Lema
24.6%
1967Roberto DeVicenzo
24%
1880Bob Ferguson
23.4%
1881Bob Ferguson
23.4%
1882Bob Ferguson
23.4%
1904Jack White
23.1%
1960Kel Nagle
21.5%
1951Max Faulkner
19%
1876Bob Martin
18.7%
1885Bob Martin
18.7%
1884Jack Simpson
18.6%
1892Harold Hilton
18.4%
1897Harold Hilton
18.4%
1893William Auchterlonie
17.7%
1925Jim Barnes
17.3%
1865Andrew Strath
17.2%
1935Alf Perry
17%
1939Richard Burton
16.4%
1873Tom Kidd
15.6%
1907Arnaud Massy
15.1%
1933Denny Shute
14.9%
1938Reg Whitcombe
14.7%
1936Alf Padgham
14.5%
1902Sandy Herd
14.4%
1891Hugh Kirkaldy
13.9%
1888Jack Burns
13.8%
1921Jock Hutchison
13.7%
1883Willie Fernie
13.1%
1920George Duncan
12.9%
1923Arthur Havers
12.5%

You're not logged in!

Compare scores with friends on all Sporcle quizzes.
OR
Log In

Sporcle TV

Today on Sporcle TV


Watch our educational content, quiz creation guides, and fun videos on Sporcle TV.

Show Comments

Extras

Top Quizzes Today


Score Distribution

Your Account Isn't Verified!

In order to create a playlist on Sporcle, you need to verify the email address you used during registration. Go to your Sporcle Settings to finish the process.

Report this User

Report this user for behavior that violates our Community Guidelines.

Details: